Random English City or Town to County - Statistics

General Stats
  • This quiz has been taken 1,450 times
  • The average score is 12 of 20
Answer Stats
Town or City Population County % Correct
Plymouth 260,203 Devon
100%
Lancaster 48,085 Lancashire
100%
Norwich 186,682 Norfolk
100%
Reading 218,705 Berkshire
95%
Newquay 20,189 Cornwall
94%
Burnley 81,548 Lancashire
94%
Boston 41,340 Lincolnshire
94%
Truro 20,332 Cornwall
92%
Solihull 123,187 West Midlands
92%
Windsor 31,225 Berkshire
91%
Torquay 49,094 Devon
89%
Wolverhampton 210,319 West Midlands
88%
Leeds 474,632 West Yorkshire
88%
Oldham 96,555 Greater Manchester
87%
Stockport 105,878 Greater Manchester
87%
Preston 97,886 Lancashire
87%
Luton 211,228 Bedfordshire
86%
Liverpool 552,267 Merseyside
86%
Swindon 182,441 Wiltshire
86%
Exeter 113,507 Devon
85%
Bournemouth 183,491 Dorset
85%
Croydon 363,378 Greater London
85%
Stoke-on-Trent 270,726 Staffordshire
85%
Birmingham 1,085,810 West Midlands
85%
Margate 61,223 Kent
84%
Halifax 88,134 West Yorkshire
84%
Penzance 16,336 Cornwall
83%
Weymouth 54,539 Dorset
83%
Ipswich 144,957 Suffolk
83%
Guildford 77,057 Surrey
83%
Stratford-upon-Avon 27,830 Warwickshire
83%
Chester 86,011 Cheshire
82%
Carlisle 75,306 Cumbria
82%
Brighton 229,700 East Sussex
82%
Bicester 32,642 Oxfordshire
82%
Gateshead 120,046 Tyne & Wear
82%
Colchester 119,441 Essex
81%
Cheltenham 116,447 Gloucestershire
81%
Kings Lynn 46,093 Norfolk
81%
Sheffield 518,090 South Yorkshire
81%
Mansfield 77,551 Nottinghamshire
80%
Doncaster 109,805 South Yorkshire
80%
Crawley 106,943 West Sussex
80%
Huddersfield 162,949 West Yorkshire
80%
Ely 19,090 Cambridgeshire
79%
Eastbourne 109,185 East Sussex
79%
Dorking 17,098 Surrey
79%
Coventry 325,949 West Midlands
79%
Maidenhead 63,580 Berkshire
78%
Birkenhead 142,968 Merseyside
78%
Royal Leamington Spa 55,733 Warwickshire
78%
Poole 147,645 Dorset
76%
Ashford 67,528 Kent
76%
Kendal 28,586 Cumbria
75%
Slough 155,298 Berkshire
74%
High Wycombe 120,256 Buckinghamshire
74%
Bideford 18,029 Devon
74%
Taunton 60,479 Somerset
74%
Dover 41,709 Kent
73%
Loughborough 59,932 Leicestershire
73%
Shrewsbury 71,715 Shropshire
73%
Tamworth 73,924 Staffordshire
73%
South Shields 75,337 Tyne & Wear
73%
Penrith 15,181 Cumbria
72%
Canterbury 54,880 Kent
72%
Harrogate 73,576 North Yorkshire
72%
Rotherham 109,691 South Yorkshire
72%
Leek 19,624 Staffordshire
72%
Salisbury 44,748 Wiltshire
72%
Basildon 107,123 Essex
71%
Basingstoke 107,355 Hampshire
71%
Portsmouth 238,137 Hampshire
71%
Skegness 24,876 Lincolnshire
71%
Morpeth 14,403 Northumberland
71%
Scarborough 61,749 North Yorkshire
71%
Berwick-upon-Tweed 13,265 Northumberland
70%
St. Albans 82,146 Hertfordshire
69%
Hastings 91,053 East Sussex
68%
Watford 131,982 Hertfordshire
68%
Fleetwood 25,359 Lancashire
68%
Great Yarmouth 38,693 Norfolk
68%
Northallerton 16,832 North Yorkshire
68%
St. Austell 23,864 Cornwall
67%
Matlock 14,946 Derbyshire
67%
Christchurch 54,210 Dorset
67%
Ealing 338,449 Greater London
67%
Lewisham 275,885 Greater London
67%
Bury 77,211 Greater Manchester
67%
Grimsby 88,243 North East Lincolnshire
67%
Banbury 46,525 Oxfordshire
67%
Bridgwater 41,276 Somerset
67%
Newcastle-upon-Tyne 268,064 Tyne & Wear
67%
Rugby 70,628 Warwickshire
67%
Kingston-upon-Thames 160,060 Greater London
65%
Melton Mowbray 27,158 Leicestershire
65%
Sutton Coldfield 109,015 West Midlands
65%
Chichester 28,657 West Sussex
65%
Newbury 38,762 Berkshire
64%
Beverley 30,587 East Riding of Yorkshire
64%
Stevenage 89,663 Hertfordshire
64%
Bury St. Edmunds 41,113 Suffolk
64%
Crewe 71,722 Cheshire
63%
Knaresborough 15,484 North Yorkshire
63%
Ringwood 13,943 Hampshire
62%
Rochdale 107,926 Greater Manchester
61%
Washington 67,085 Tyne & Wear
61%
Walsall 67,594 West Midlands
61%
Glossop 33,020 Derbyshire
60%
Ryde 23,999 Isle of Wight
60%
Lytham St. Annes 42,953 Lancashire
60%
Oswestry 18,743 Shropshire
60%
Barnsley 91,297 South Yorkshire
60%
Horsham 48,041 West Sussex
60%
Evesham 23,576 Worcestershire
60%
Aldershot 57,211 Hampshire
59%
Corby 54,927 Northamptonshire
59%
Newark 37,084 Nottinghamshire
59%
St. Neots 30,252 Cambridgeshire
58%
Cowes 14,216 Isle of Wight
58%
St. Helens 102,885 Merseyside
58%
Uttoxeter 13,089 Staffordshire
58%
Felixstowe 23,564 Suffolk
58%
Worthing 109,120 West Sussex
58%
Aylesbury 71,977 Buckinghamshire
57%
Redruth 19,902 Cornwall
57%
Chester-le-Street 37,164 Durham
57%
Brentwood 52,586 Essex
57%
Leominster 10,938 Herefordshire
57%
Market Harborough 22,910 Leicestershire
57%
Whitby 13,213 North Yorkshire
57%
Frome 26,203 Somerset
57%
Ellesmere Port 61,090 Cheshire
56%
Grantham 41,998 Lincolnshire
56%
Blyth 37,339 Northumberland
56%
Lowestoft 70,945 Suffolk
56%
Skipton 14,623 North Yorkshire
55%
Witney 29,103 Oxfordshire
55%
Barnstaple 31,616 Devon
54%
Billericay 34,274 Essex
54%
Spalding 31,588 Lincolnshire
54%
Redditch 81,919 Worcestershire
54%
Huntingdon 23,937 Cambridgeshire
53%
Chesterfield 88,483 Derbyshire
53%
Bridlington 35,154 East Riding of Yorkshire
53%
Lewes 17,297 East Sussex
53%
Hounslow 253,957 Greater London
53%
Havant 45,125 Hampshire
53%
Hitchin 34,266 Hertfordshire
53%
Kenilworth 22,413 Warwickshire
53%
Halesowen 58,135 West Midlands
53%
Workington 22,098 Cumbria
52%
Tonbridge 38,657 Kent
52%
Southport 91,703 Merseyside
52%
Sunderland 174,286 Tyne & Wear
52%
Amersham 23,086 Buckinghamshire
50%
Barrow-in-Furness 45,865 Cumbria
50%
Consett 24,828 Durham
50%
Hexham 11,388 Northumberland
50%
Worksop 41,820 Nottinghamshire
50%
Oakham 10,922 Rutland
50%
Staines 25,736 Surrey
50%
Bognor Regis 63,885 West Sussex
50%
Great Malvern 36,770 Worcestershire
50%
Wisbech 31,573 Cambridgeshire
48%
Peterlee 27,871 Durham
48%
Harlow 82,059 Essex
48%
Stroud 32,670 Gloucestershire
48%
Bromley 309,392 Greater London
48%
Kettering 56,226 Northamptonshire
48%
Ripon 16,363 North Yorkshire
48%
Abingdon 38,262 Oxfordshire
48%
Hinckley 45,249 Leicestershire
47%
Wellingborough 49,128 Northamptonshire
47%
Whitley Bay 36,702 Tyne & Wear
47%
Ross-on-Wye 10,582 Herefordshire
46%
Dunstable 30,184 Bedfordshire
45%
Belper 23,417 Derbyshire
45%
Cirencester 16,325 Gloucestershire
45%
Thetford 24,833 Norfolk
45%
Lichfield 32,877 Staffordshire
45%
Bracknell 77,256 Berkshire
44%
Sleaford 17,359 Lincolnshire
44%
Daventry 23,879 Northamptonshire
44%
Trowbridge 39,409 Wiltshire
44%
Macclesfield 56,581 Cheshire
43%
Nuneaton 86,552 Warwickshire
43%
Pontefract 29,305 West Yorkshire
43%
Leatherhead 32,522 Surrey
42%
Ludlow 10,515 Shropshire
41%
Newmarket 20,384 Suffolk
41%
Coalville 34,575 Leicestershire
40%
Retford 22,023 Nottinghamshire
40%
Egham 25,996 Surrey
40%
Jarrow 43,431 Tyne & Wear
40%
Kidderminster 55,530 Worcestershire
40%
Marlow 14,823 Buckinghamshire
39%
Letchworth 33,249 Hertfordshire
39%
Tewkesbury 19,778 Gloucestershire
38%
Beaconsfield 13,797 Buckinghamshire
37%
Sandbach 17,976 Cheshire
36%
Seaham 22,973 Durham
35%
Wantage 18,505 Oxfordshire
35%
Keighley 53,331 West Yorkshire
35%
Chippenham 35,800 Wiltshire
35%
Bromsgrove 33,461 Worcestershire
35%
Bridport 13,737 Dorset
33%
Bishop Auckland 24,908 Durham
33%
Ashton-under-Lyne 45,198 Greater Manchester
33%
Wymondham 13,587 Norfolk
32%
Sutton-in-Ashfield 45,848 Nottinghamshire
32%
Dewsbury 62,945 West Yorkshire
32%
Bridgnorth 12,315 Shropshire
31%
Burnham-on-Sea 23,325 Somerset
31%
Sandown 11,868 Isle of Wight
29%
Melksham 19,357 Wiltshire
29%
Maltby 16,688 South Yorkshire
27%
March 21,051 Cambridgeshire
26%
Crowborough 20,607 East Sussex
26%
Leighton Buzzard 37,469 Bedfordshire
25%
Driffield 13,080 East Riding of Yorkshire
25%
Droitwich 23,504 Worcestershire
24%
Yate 30,022 South Gloucestershire
23%
Newport 24,884 Isle of Wight
22%
Biggleswade 16,551 Bedfordshire
21%
Berkhamsted 20,641 Hertfordshire
21%
Bedlington 16,974 Northumberland
21%
Clevedon 21,002 Somerset
21%
Wallesey 60,284 Merseyside
20%
Market Drayton 11,773 Shropshire
19%
Rushden 29,501 Northamptonshire
17%
Ripley 19,315 Derbyshire
15%
Ampthill 20,026 Bedfordshire
14%
No matching quizzes found
Score Distribution
Percent of People with Each Score
Percentile by Number Answered
Your Score History
You have not taken this quiz